LIBRARY & INFORMATION CENTRE, KCAET, TAVANUR

ONLINE PUBLIC ACCESS CATALOGUE (OPAC)

Parasites and parasitic infection in early medicine and science / (Record no. 4599)

MARC details
000 -LEADER
fixed length control field 00405cam a2200145ua 4500
041 ## - LANGUAGE CODE
Language code of text/sound track or separate title eng
082 ## - DEWEY DECIMAL CLASSIFICATION NUMBER
Classification number 616.96
Item number HOE/PA
100 ## - MAIN ENTRY--AUTHOR NAME
Personal name Hoeppli, R .
245 ## - TITLE STATEMENT
Title Parasites and parasitic infection in early medicine and science /
260 ## - PUBLICATION, DISTRIBUTION, ETC. (IMPRINT)
Place of publication :
Name of publisher Singapore University of Malaya Press ,
Year of publication 1959.
300 ## - PHYSICAL DESCRIPTION
Number of Pages 549 ; .
942 ## - ADDED ENTRY ELEMENTS (KOHA)
Koha item type Books
Holdings
Withdrawn status Lost status Damaged status Home library Current library Date acquired Full call number Accession Number Koha item type
      KAUAET KAUAET 07/04/2012 616.96 3565 Books
free website counter